MARC

LEADER 00000nam0a2200000 4500
001 676715
005 20241119144412.0
090 |a 676715 
100 |a 20241119d1895 km|y1rusy50 ba 
101 0 |a ger 
102 |a DE 
105 |a y z 001yy 
181 0 |a i   |b  e  
182 0 |a n 
183 0 |a nc  |2 RDAcarrier 
200 1 |a Reichgesetz betreffend den Verkehr mit Nahrungsmitteln, Genutzmitteln und Gebrauchsgegenständen von 14 Mai 1879  |f Mit Erläuterungen herausgegeben von Dr. Julius Katz 
203 |a Текст  |b визуальный  |c непосредственный 
210 |a Berlin  |c Verlag von M. Zuelzer&Co  |d 1895 
215 |a 70, VI S. 
283 |a volume  |2 RDAcarrier 
317 |5 63413507: 13671  |a Поступил в НТБ в 1914 г. в дар от первого директора ТТИ профессора Е. Л. Зубашева 
320 |a Literatur: S. 3 
320 |a Sachregister: S. I-VI 
541 1 |a Государственный закон о торговле продуктами питания, предметами роскоши и потребительскими товарами от 14 мая 1879 г.  |z rus 
606 1 |a Государство и право зарубежных стран  |9 35810 
610 1 |a право 
610 1 |a Библиотека Е. Л. Зубашева 
610 1 |a немецкий язык 
610 1 |a Германия 
610 1 |a торговля 
610 1 |a государственные законы 
610 1 |a продовольственные товары 
610 1 |a непродовольственные товары 
610 1 |a предметы роскоши 
610 1 |a дары библиотеке 
686 |2 rubbk  |a Х8 
702 1 |4 340  |a Katz  |b J.  |g Julius 
801 0 |a RU  |b 63413507  |c 20241119 
830 |a  Ретро2024Каталогизация Кузнецова 
850 |a 63413507 
942 |c BK